000 00929nam a22003137a 4500
003 CHAP
005 20220817041912.0
008 971013s1979 r 00010 d
010 _a28208
011 _a29180
035 _a33291
040 _cCHAP
082 _a530.92
_bC6
110 _aConsejo Nacional de Ciencia y Tecnología. México
245 _aEinstein
260 _aMéxico, D.F. :
_bEl Consejo,
_c1979
300 _a145 p.
_b: ilus.
490 _aCiencia y desarrollo
590 _aBATCH-UPD
_b10
_c20130110
_lUCH01
_h1001
590 _aBATCH-UPD
_b10
_c20130410
_lUCH01
_h0612
590 _aBATCH-UPD
_b10
_c20130914
_lUCH01
_h0939
590 _aCONVERSION
_b10
_c20130109
_lUCH01
_h1316
600 0 4 _aEinstein, Albert.
650 1 4 _aFísicos
_xBiografía.
_942003
830 0 _aCiencia y desarrollo
_923149
901 _aBK
942 _cLIBRO
949 _a530.92 C6
_bBC
_cLIBRO
_d-77429
_eLIBRO
_h28300
_i33291
_mD
_si
999 _c28208
_d28208